000 00730nam a2200265Ia 4500
003 OSt
005 20221005084816.0
006 a|||||r|||| 00| 0
007 ta
008 221004b |||||||| |||| 00| 0 eng d
024 _a60954
037 _cTextual
040 _aCRL
_cCRL
_beng
041 _2eng
_aeng
082 _aU47, M9
100 _aFri-Day Lauria Ed.
_9613613
245 0 _aFragile environment
_b The Darwin College lectures
260 _aNew York
_bCambridge
_c1989
300 _a198p.
_ccm.
650 _a HUMAN GEOGRAPHY
650 _aGEOGRAPHY
700 _a Laskey Ronald Ed.
_9249357
942 _hU47, M9
_cTEXL
_2cc
999 _c993134
_d993134